ბათუმის შოთა რუსთაველის სახელმწიფო უნივერსიტეტის ბიბლიოთეკა

ევროპა : (ბიბ.ჩანაწერი № 63512)

000 -ლიდერი
ფიქსირებული სიგრძის საკონტროლო ველი 01061nam a22002057a 4500
003 - საკონტროლო ნომრის იდენტიფიკატორი
საკონტროლო ველი Ge_BSU
005 - ბოლო ოპერაციის თარიღი და დრო
საკონტროლო ველი 20251021162842.0
008 - ფიქსირებული სიგრძის მონაცემთა ელემენტები - ზოგადი ინფორმაცია
ფიქსირებული სიგრძის საკონტროლო ველი 251021s2002 ge ||||| |||| 00| 0 geo d
020 ## - წიგნის საერთაშორისო სტანდარტული ნომერი
International Standard Book Number 999282199X
041 ## - ენის კოდი
Language code of text/sound track or separate title geo
080 ## - უნივერსალური ათობითი კლასიფიკაციის ინდექსი
Universal Decimal Classification number 339.923:061.1(4)(031) ლ-75
100 ## - მთავარი ჩანაწერი - პიროვნების სახელი
Personal name ლიჩი, როდნი
9 (RLIN) 26094
245 ## - ცნობა სათაურის შესახებ
Title ევროპა :
Remainder of title ევროკავშირის მოკლე ენციკლოპედია /
Statement of responsibility, etc როდნი ლიჩი; [მთარგმნ.: რამაზან აბდულაევი; სარედ. საბჭო: შადიმან ხელაძე და სხვ.].
264 ## - წარმოების, გამოცემის, დისტრიბუციის და სხვა ცნობები
გამოცემის, წარმოების, დისტრიბუციის... ადგილი თბ. :
გამოცემის, წარმოების, დისტრიბუციის... სახელწოდება ჯისიაი,
გამოცემის, წარმოების, დისტრიბუციის... თარიღი 2002.
300 ## - ფიზიკური აღწერა
Extent 413გვ. ;
Other physical details 20სმ.
653 ## - INDEX TERM--UNCONTROLLED
Uncontrolled term ევროკავშირის ენციკლოპედია
700 ## - ADDED ENTRY--PERSONAL NAME
Personal name აბდულაევი, რამაზან
Relator term მთარგმნელი
9 (RLIN) 599
700 ## - ADDED ENTRY--PERSONAL NAME
Personal name ხელაძე, შადიმან და სხვ.
Relator term რედაქტორი
9 (RLIN) 6553
942 ## - ADDED ENTRY ELEMENTS (KOHA)
Source of classification or shelving scheme
Koha item type წიგნი
ეგზემპლარები
ჩამოწერის სტატუსი დაკარგული ეგზემპლარის სტატუსი კლასიფიკაციის წყარო ან თაროზე გაწყობის სქემა დაზიანების სტატუსი არ გაიცემა მუდმივი მდებარეობა (დაცვის ადგილი) ამჟამინდელი ადგილსამყოფელი თაროზე განთავსების ადგილი შეძენის თარიღი ღირებულება, შესყიდვის ნორმალური ფასი სრული შენახვის შიფრი შტრიხკოდი ბოლო ოპერაციის თარიღი ეგზემპლარის მიმდევრობითი ნომერი (კეტერი?) ფასის ძალაში შესვლის თარიღი ეგზემპლარის სახეობა საჯარო შენიშვნა
          ბათუმის შოთა რუსთაველის სახელმწიფო უნივერსიტეტის მთავარი ბიბლიოთეკა ბათუმის შოთა რუსთაველის სახელმწიფო უნივერსიტეტის მთავარი ბიბლიოთეკა წიგნსაცავი 2025-10-21 15.00 339.923:061.1(4)(031) ლ-75 72762 2025-10-21 72762 2025-10-21 წიგნი 15 ლ.